Contribution of Behavioural Economics to Explanation of Gender Wage Level Differences
Rozdielny vzťah mužov a žien k riziku a konkurencii a rôzne preferencie k vnútorným a vonkajším motiváciám a odmenám. Úroveň akceptovaného rizika zvyšujúca sa vzdelaním, kariérnymi preferenciami, hrdosťou a partnerstvom.
Salvato in:
| Autore principale: | |
|---|---|
| Natura: | Capitolo di libro |
| Lingua: | inglese |
| Soggetti: | |
| Tags: |
Nessun Tag, puoi essere il primo ad aggiungerne!!
|
MARC
| LEADER | 00000naa a2200000 4500 | ||
|---|---|---|---|
| 001 | 0261080 | ||
| 005 | 20200115101247.1 | ||
| 041 | 0 | |a eng | |
| 044 | |a CZ | ||
| 245 | 1 | 0 | |a Contribution of Behavioural Economics to Explanation of Gender Wage Level Differences |c Dagmar Brožová |
| 520 | |a Rozdielny vzťah mužov a žien k riziku a konkurencii a rôzne preferencie k vnútorným a vonkajším motiváciám a odmenám. Úroveň akceptovaného rizika zvyšujúca sa vzdelaním, kariérnymi preferenciami, hrdosťou a partnerstvom. | ||
| 610 | 2 | 0 | |a správanie |
| 610 | 2 | 0 | |a ženy |
| 610 | 2 | 0 | |a muži |
| 610 | 2 | 0 | |a myslenie ekonomické |
| 610 | 2 | 0 | |a akceptácia |
| 610 | 2 | 0 | |a riziko |
| 100 | 1 | |a Brožová, Dagmar | |